000 00408nam a2200169Ia 4500
005 20140403085324.0
008 140130s9999 xx 000 0 und d
050 _aPZ 7
_b.So713 1984
245 _cVerginia Sorensen
_aMiracles On Maple Hill
260 _bScholastic,
_c1984
300 _a180 p. :
_c21 cm.
440 _v1
_931174
521 _aG5
526 _c750
942 _cBK
_2lcc
999 _c41091
_d41091